Исследование изменений характеристик электромагнитных сигналов при одноосном сжатии образцов горных пород Таштагольского рудника; Известия вузов. Физика; Т. 54, № 1/2 : Радиационно-термические эффекты и процессы в неорганических материалах

Bibliographic Details
Parent link:Известия вузов. Физика.— , 1958-
Т. 54, № 1/2 : Радиационно-термические эффекты и процессы в неорганических материалах.— 2011.— С. 78-84
Other Authors: Беспалько А. А. Анатолий Алексеевич, Яворович Л. В. Людмила Васильевна, Колесникова С. И. Светлана Ивановна, Букреев В. Г. Виктор Григорьевич, Мертвецов А. Н., Федотов П. И. Павел Иванович
Summary:Заглавие с экрана
Language:Russian
Published: 2011
Subjects:
Online Access:http://www.lib.tpu.ru/fulltext/v/Conferences/2011/K02/15.pdf
Format: Electronic Book Chapter
KOHA link:https://koha.lib.tpu.ru/cgi-bin/koha/opac-detail.pl?biblionumber=458198

MARC

LEADER 00000naa2a2200000 4500
001 458198
005 20240129112331.0
035 |a (RuTPU)RU\TPU\prd\121840 
035 |a RU\TPU\prd\121839 
090 |a 458198 
100 |a 20110929d2011 k y0rusy50 ca 
101 0 |a rus 
102 |a RU 
135 |a drnn ---uucaa 
181 0 |a i  
182 0 |a b 
200 1 |a Исследование изменений характеристик электромагнитных сигналов при одноосном сжатии образцов горных пород Таштагольского рудника  |f А. А. Беспалько [и др.] 
203 |a Текст  |c электронный 
215 |a 1 файл (1.4 М) 
300 |a Заглавие с экрана 
337 |a Adobe Reader 
461 1 |0 (RuTPU)RU\TPU\prd\191  |t Известия вузов. Физика  |d 1958- 
463 1 |0 (RuTPU)RU\TPU\prd\113411  |t Т. 54, № 1/2 : Радиационно-термические эффекты и процессы в неорганических материалах  |o тематический выпуск  |f под ред. А. П. Суржикова  |v С. 78-84  |d 2011 
610 1 |a электромагнитные сигналы 
610 1 |a горные породы 
610 1 |a физическое моделирование 
610 1 |a напряжённо-деформированное состояние 
610 1 |a временные ряды 
610 1 |a интегральные характеристики 
610 1 |a дисперсия 
610 1 |a разрушение 
610 1 |a электронный ресурс 
610 1 |a труды учёных ТПУ 
701 1 |a Беспалько  |b А. А.  |c российский учёный в области электроники, диэлектриков и полупроводников  |c ведущий научный сотрудник Томского политехнического университета  |g Анатолий Алексеевич  |3 (RuTPU)RU\TPU\pers\25152 
701 1 |a Яворович  |b Л. В.  |c российский учёный в области электроники, диэлектриков и полупроводников  |c старший научный сотрудник Томского политехнического университета  |g Людмила Васильевна  |3 (RuTPU)RU\TPU\pers\26571 
701 1 |a Колесникова  |b С. И.  |c математик  |c доцент Томского политехнического университета, кандидат физико-математических наук  |f 1957-  |g Светлана Ивановна  |3 (RuTPU)RU\TPU\pers\27089 
701 1 |a Букреев  |b В. Г.  |c специалист в области электротехники  |c профессор Томского политехнического университета, доктор технических наук  |f 1952-  |g Виктор Григорьевич  |3 (RuTPU)RU\TPU\pers\26527  |9 12221 
701 1 |a Мертвецов  |b А. Н. 
701 1 |a Федотов  |b П. И.  |c электроник  |c отдел лабораторий бакалаврского цикла Томского политехнического университета  |g Павел Иванович  |3 (RuTPU)RU\TPU\pers\25153 
801 1 |a RU  |b 63413507  |c 20110927 
801 2 |a RU  |b 63413507  |c 20151015  |g RCR 
856 4 |u http://www.lib.tpu.ru/fulltext/v/Conferences/2011/K02/15.pdf 
942 |c BK